Имитационное моделирование процедур адаптивного робастного оценивания в задачах поверки средств линейно-угловых измерений; Измерительная техника; № 11

Bibliografiske detaljer
Parent link:Измерительная техника=Measurement Techniques: научно-технический журнал/ Российская Федерация, Федеральное агентство по техническому регулированию и метрологии (Ростехрегулирование) (Госстандарт России).— , 1940-1941, 1955-.— 0368-1025
№ 11.— 2002.— С. 20-22
Hovedforfatter: Телешевский В. И.
Andre forfattere: Пашкин Е. А.
Sprog:russisk
Udgivet: 2002
Serier:Линейные и угловые измерения
Fag:
Format: Book Chapter
KOHA link:https://koha.lib.tpu.ru/cgi-bin/koha/opac-detail.pl?biblionumber=383984

MARC

LEADER 00000naa2a2200000 4500
001 383984
005 20231101063210.0
035 |a (RuTPU)RU\TPU\prd\10114 
090 |a 383984 
100 |a 20030127a2002 k y0rusy50 ca 
101 0 |a rus 
102 |a RU 
200 1 |a Имитационное моделирование процедур адаптивного робастного оценивания в задачах поверки средств линейно-угловых измерений  |f В. И. Телешевский, Е. А. Пашкин 
225 1 |a Линейные и угловые измерения 
320 |a Библиогр.: 6 назв. 
461 1 |0 (RuTPU)RU\TPU\prd\1509  |x 0368-1025  |t Измерительная техника  |l Measurement Techniques  |o научно-технический журнал  |f Российская Федерация, Федеральное агентство по техническому регулированию и метрологии (Ростехрегулирование) (Госстандарт России)  |d 1940-1941, 1955- 
463 1 |0 (RuTPU)RU\TPU\prd\9176  |t № 11  |v С. 20-22  |d 2002 
610 1 |a рробастность 
610 1 |a статистика 
610 1 |a оценивание 
610 1 |a адаптивность 
610 1 |a моделирование 
610 1 |a поверка 
610 1 |a средства измерений 
675 |a 531.7.08:519.711.3  |v 3 
700 1 |a Телешевский  |b В. И. 
701 1 |a Пашкин  |b Е. А. 
801 1 |a RU  |b 63413507  |c 20030127  |g PSBO 
801 2 |a RU  |b 63413507  |c 20121217  |g RCR 
942 |c BK